000 00319nam a22001457a 4500
008 210310b ||||| |||| 00| 0 eng d
020 _a0314207694
041 _aeng
080 _a91
082 _a91
100 _a42
101 _aGJEO
245 _aInstructors Manual Earth Science
_cDutch, S. I
942 _2udc
_cBK
999 _c56191
_d56191